000 02870nam0a2200409 4500
001 RU\NLR\BIBL_A\011685189
005 20180510105457.0
010 _a978-5-904405-42-7
_9400
021 _aRU
_bКН-П-18-021452
_9КН-П-18-1566
035 _a(NLR Aleph) 011685189
035 _a(RuMoRGB)009581298
090 _a11308460
_c11308460
100 _a20180419d2017 k y0rusy50 ca
101 0 _arus
102 _aRU
105 _aa z 000zy
200 1 _aАктуальные инфекции в Гвинейской Республике: эпидемиология, диагностика и иммунитет
_e[монография
_fАбдрашитова Адиля Сабержановна, кандидат биологических наук, Абдул-Бастои Ибрагим, Агафонов Александр Петрович, доктор биологических наук и др.]
_gпод редакцией профессора, доктора медицинских наук А. Ю. Поповой
_gФедеральная служба по надзору в сфере защиты прав потребителей и благополучия человека, Федеральное казенное учреждение здравоохранения Российский научно-исследовательский противочумный институт "Микроб" [и др.]
210 _aСанкт-Петербург
_cИзд-во ФБУН НИИЭМ им. Пастера
_d2017
215 _a288, VIII с.
_cил., табл., цв. ил.
_d25
300 _aАвт. указаны на 3-й с.
320 _aБиблиогр. в конце ст.
606 1 _aИнфекционные болезни
_xЭпидемиология
_yГвинейская Республика
_2nlr_sh1
_2nlr_sh2
_3RU\NLR\AUTH\66481013
606 1 _aИнфекционные болезни
_xДиагностика
_yГвинейская Республика
_2nlr_sh2
_3RU\NLR\AUTH\6601634500
686 _aР192.9(6Гв),0
_2rubbk
686 1 _aР192.9(63Гв)
686 1 _aР51-4
701 1 _aАбдрашитова
_bА. С.
_gАдиля Сабержановна
701 1 _aАбдул-Бастои
_bИ.
_gИбрагим
_3RU\NLR\AUTH\770188197
701 1 _aАгафонов
_bА. П.
_gАлександр Петрович
702 1 _aПопова
_bА. Ю.
_cд-р мед. наук, гос. деятель
_f1960-
_gАнна Юрьевна
_3RU\NLR\AUTH\770138904
_4340
712 0 2 _a"Микроб", российский научно-исследовательский противочумный институт
_cСаратов
_3RU\NLR\AUTH\8810026499
_4570
942 _cBOOK
980 _aNBR
980 _aNB